Biblioteca "Ernesto Sabato"
Facultad de Derecho y Ciencias Sociales
Facultad de Lenguas
Universidad Nacional del Comahue

Blueprint Intermediate (Record no. 22)

MARC details
000 -CABECERA
campo de control de longitud fija 00544cam a22002172a 4500
001 - NÚMERO DE CONTROL
campo de control 000010
003 - IDENTIFICADOR DEL NÚMERO DE CONTROL
campo de control AR-FADEU
008 - DATOS DE LONGITUD FIJA--INFORMACIÓN GENERAL
campo de control de longitud fija 311216n1989####xxu####################dd
020 ## - NÚMERO INTERNACIONAL ESTÁNDAR DEL LIBRO
Número Internacional Estándar del Libro 0 582 021359
100 ## - ENTRADA PRINCIPAL--NOMBRE DE PERSONA
Nombre de persona Abbs, Brian
245 ## - MENCIÓN DE TÍTULO
Título Blueprint Intermediate
260 ## - PUBLICACIÓN, DISTRIBUCIÓN, ETC. (PIE DE IMPRENTA)
Lugar de publicación, distribución, etc. London
260 ## - PUBLICACIÓN, DISTRIBUCIÓN, ETC. (PIE DE IMPRENTA)
Nombre del editor, distribuidor, etc. Longman
260 ## - PUBLICACIÓN, DISTRIBUCIÓN, ETC. (PIE DE IMPRENTA)
Fecha de publicación, distribución, etc. 1989
300 ## - DESCRIPCIÓN FÍSICA
Extensión 3
300 ## - DESCRIPCIÓN FÍSICA
Tipo de unidad Cassettes
546 ## - NOTA DE LENGUA/LENGUAJE
Nota de lengua/lenguaje Inglés
500 ## - NOTA GENERAL
Nota general La Biblioteca posee además: Libro de texto y una copia de los cassettes.
650 ## - PUNTO DE ACCESO ADICIONAL DE MATERIA--TÉRMINO DE MATERIA
Término de materia o nombre geográfico como elemento inicial Lengua Inglesa-estudio y enseñanza
942 ## - ELEMENTOS DE PUNTO DE ACCESO ADICIONAL (KOHA)
Tipo de ítem Koha AUDIO
Holdings
Estado de retiro Estado de pérdida Estado dañado No para préstamo Localización permanente Ubicación/localización actual Fecha de adquisición Número de inventario Total de préstamos Código de barras Fecha visto por última vez Precio válido a partir de Tipo de ítem Koha
        Biblioteca Ernesto Sabato - FADECS - UNCOMA Biblioteca Ernesto Sabato - FADECS - UNCOMA 27/12/2016 A41   A41 27/12/2016 27/12/2016 AUDIO
        Biblioteca Ernesto Sabato - FADECS - UNCOMA Biblioteca Ernesto Sabato - FADECS - UNCOMA 27/12/2016 A42   A42 27/12/2016 27/12/2016 AUDIO
        Biblioteca Ernesto Sabato - FADECS - UNCOMA Biblioteca Ernesto Sabato - FADECS - UNCOMA 27/12/2016 A43   A43 27/12/2016 27/12/2016 AUDIO
        Biblioteca Ernesto Sabato - FADECS - UNCOMA Biblioteca Ernesto Sabato - FADECS - UNCOMA 27/12/2016 A44   A44 27/12/2016 27/12/2016 AUDIO
Facultad de Derecho y Ciencias Sociales | Universidad Nacional del Comahue | Mendoza y Perú General Roca | Río Negro CP (8332) | Patagonia Argentina | Teléfono: 54-0298-4433670 | | Fax: 0298-4432093 | Fax alumnos: 0298-4435700